[Event "4NCL/Div3/3CS2 vs. SCS1"]
[Site "Telford ENG"]
[Date "2004.11.07"]
[Round "2.1"]
[White "Plant, Paul"]
[Black "Reynolds, D Ian"]
[Result "1-0"]
[WhiteElo "2107"]
[BlackElo "2101"]
[PlyCount "113"]
[EventDate "2004.11.07"]
[SourceDate "2004.09.21"]

1. d4 Nf6 2. c4 e6 3. Nf3 b6 4. g3 Ba6 5. b3 b5 6. Qc2 bxc4 7. bxc4 c5 8. Bb2
cxd4 9. Nbd2 Nc6 10. Nxd4 Bb7 11. N4f3 Bc5 12. e3 Rc8 13. Bg2 Ba8 14. a3 Be7
15. O-O Na5 16. Rfc1 Bd5 17. Qd3 Bc6 18. Nd4 Bxg2 19. Kxg2 Nb7 20. N2b3 Nc5 21.
Nxc5 Bxc5 22. Nb5 O-O 23. Bd4 Qb6 24. Rab1 Qc6+ 25. f3 d6 26. Bxc5 Qxc5 27. Qd4
Rfd8 28. Nxa7 Ra8 29. Nb5 Qc6 30. Rd1 h5 31. e4 e5 32. Qd3 Ra4 33. Rbc1 Qc5 34.
Qb3 Ra6 35. Rc3 Ne8 36. Rd5 Qb6 37. Rcd3 Rb8 38. Qb4 Qd8 39. Qd2 Qa5 40. Qxa5
Rxa5 41. Nxd6 Rxd5 42. Rxd5 Rb2+ 43. Kg1 Nxd6 44. Rxd6 Rb3 45. a4 Rb4 46. a5
Rxc4 47. a6 Ra4 48. Kf2 g6 49. Ke2 Kg7 50. Kd3 Ra2 51. Kc4 Ra1 52. Kb5 Kf8 53.
Rb6 Ke8 54. Kc6 Ke7 55. Kb7 Rd1 56. a7 Rd7+ 57. Ka6 1-0

[Event "4NCL/Div3/3CS2 vs. SCS1"]
[Site "Telford ENG"]
[Date "2004.11.07"]
[Round "2.2"]
[White "Lutton, E Josiah"]
[Black "Tompson, John C"]
[Result "1/2-1/2"]
[WhiteElo "2062"]
[BlackElo "2081"]
[PlyCount "89"]
[EventDate "2004.11.07"]
[SourceDate "2004.09.21"]

1. e4 c5 2. Nc3 Nc6 3. f4 g6 4. Nf3 Bg7 5. Bb5 Nd4 6. Bd3 d6 7. Nxd4 cxd4 8.
Ne2 Nf6 9. O-O O-O 10. Qe1 Qc7 11. c3 dxc3 12. bxc3 b6 13. Bc2 Ba6 14. Rf3 Rac8
15. Rh3 Qc6 16. Nd4 Qc5 17. Kh1 Ng4 18. Bd1 h5 19. Bb2 e5 20. Bxg4 hxg4 21. Nb3
Qb5 22. Rh4 exf4 23. Rxg4 Rce8 24. Ba3 Qd3 25. Rxf4 Bb7 26. Nc1 Qc2 27. Bxd6
Bxe4 28. Kg1 Bd3 29. Be7 Bh6 30. Nxd3 Bxf4 31. Nxf4 Qf5 32. Qh4 Rxe7 33. Qxe7
Qxf4 34. d4 Qd2 35. Qc7 Re8 {=} 36. Rf1 Qe3+ 37. Kh1 Re7 38. Qc8+ Kg7 39. Qc4
Qe4 40. h3 Re6 41. Qc7 Re7 42. Qd8 Qe2 43. Rf3 Re6 44. Qd7 Re7 45. Qd8 1/2-1/2

[Event "4NCL/Div3/3CS2 vs. SCS1"]
[Site "Telford ENG"]
[Date "2004.11.07"]
[Round "2.3"]
[White "Hickman, Alexander"]
[Black "Bland, David"]
[Result "1/2-1/2"]
[WhiteElo "2099"]
[BlackElo "2010"]
[PlyCount "38"]
[EventDate "2004.11.07"]
[SourceDate "2004.09.21"]

1. d4 d5 2. c4 c6 3. Nf3 Nf6 4. Nc3 dxc4 5. a4 Bf5 6. e3 e6 7. Bxc4 Bb4 8. O-O
O-O 9. Qe2 Bg6 10. Ne5 Nbd7 11. Nxg6 hxg6 12. Rd1 Qa5 13. Bd2 e5 14. Be1 exd4
15. exd4 Rfe8 16. Qc2 Nb6 17. Bb3 Nbd5 18. Nxd5 cxd5 19. Bxb4 Qxb4 1/2-1/2

[Event "4NCL/Div3/3CS2 vs. SCS1"]
[Site "Telford ENG"]
[Date "2004.11.07"]
[Round "2.4"]
[White "Heard, Andrew H"]
[Black "Wright, Jason"]
[Result "1-0"]
[WhiteElo "1980"]
[BlackElo "2067"]
[PlyCount "55"]
[EventDate "2004.11.07"]
[SourceDate "2004.09.21"]

1. Nf3 Nf6 2. c4 e6 3. g3 b6 4. Bg2 Bb7 5. O-O Nc6 6. Nc3 Be7 7. d4 d5 8. cxd5
exd5 9. Ne5 O-O 10. Qa4 Nxe5 11. dxe5 Nd7 12. Nxd5 Bxd5 13. Bxd5 Nc5 14. Qc6
Rb8 15. Rd1 Qc8 16. Bf4 b5 17. Bg2 g5 18. Be3 Rb6 19. Qf3 Rg6 20. g4 Ne6 21.
Qb7 Qxb7 22. Bxb7 Nc5 23. Bf3 Re6 24. Rd5 Na4 25. Rxb5 a6 26. Rb7 Rxe5 27. Rxc7
Nxb2 28. Bd4 1-0

[Event "4NCL/Div3/3CS2 vs. SCS1"]
[Site "Telford ENG"]
[Date "2004.11.07"]
[Round "2.5"]
[White "Lysons, John"]
[Black "Bigio, Jacob"]
[Result "0-1"]
[WhiteElo "1960"]
[BlackElo "1930"]
[PlyCount "84"]
[EventDate "2004.11.07"]
[SourceDate "2004.09.21"]

1. d4 Nf6 2. c4 c5 3. d5 b5 4. cxb5 a6 5. b6 e6 6. Nc3 Nxd5 7. Nxd5 exd5 8.
Qxd5 Nc6 9. Nf3 Bb7 10. Ne5 Qe7 11. Nxc6 Bxc6 12. Qd1 g6 13. Bf4 Bg7 14. Qd2
Qf6 15. Qe3+ Qe7 16. Qxe7+ Kxe7 17. f3 Bxb2 18. Rb1 Bc3+ 19. Kd1 d6 20. e4 Rhb8
21. Bc4 Ba5 22. Ke2 Rxb6 23. Rxb6 Bxb6 24. Rd1 Bc7 25. Rb1 Bb5 26. Bxb5 axb5
27. Rxb5 Rxa2+ 28. Kf1 Kd7 29. Bg3 Kc6 30. Rb1 Rd2 31. Bf4 Rc2 32. g4 c4 33.
Ke1 Ba5+ 34. Kf1 Bd2 35. Bg3 c3 36. Ke2 Rb2 37. Ra1 Bh6+ 38. Kd3 Bg7 39. Rc1
Rd2+ 40. Ke3 Bd4+ 41. Kf4 Rd3 42. Be1 Be3+ 0-1

[Event "4NCL/Div3/3CS2 vs. SCS1"]
[Site "Telford ENG"]
[Date "2004.11.07"]
[Round "2.6"]
[White "Lutton, J Arnold"]
[Black "Hazlehurst, Cory"]
[Result "1-0"]
[WhiteElo "1950"]
[BlackElo "1960"]
[PlyCount "115"]
[EventDate "2004.11.07"]
[SourceDate "2004.09.21"]

1. e4 c6 2. Nc3 d5 3. Nf3 dxe4 4. Nxe4 Nf6 5. Nxf6+ gxf6 6. Bc4 Bf5 7. d3 Qc7
8. Bd2 e6 9. Qe2 Nd7 10. O-O-O O-O-O 11. h3 c5 12. Bc3 Rg8 13. g4 Bg6 14. Nh4
Be7 15. Ng2 f5 16. f4 Bf6 17. Bxf6 Nxf6 18. Rdf1 Nd5 19. Qf3 Nb6 20. Ne3 Nxc4
21. Nxc4 f6 22. Ne3 fxg4 23. hxg4 Be8 24. Qe4 Bc6 25. Qxe6+ Kb8 26. Rh3 Bd7 27.
Qe7 Bxg4 28. Qxc7+ Kxc7 29. Rxh7+ Kb8 30. Rf7 f5 31. Nxf5 Rdf8 32. Rxf8+ Rxf8
33. Ne3 Be6 34. a3 Kc7 35. Kd2 Kd6 36. Ke2 Rh8 37. Rf2 Rh1 38. f5 Bf7 39. Kf3
Rb1 40. c3 Ke7 41. Kg2 Re1 42. Kf3 Rb1 43. Ke4 Re1 44. d4 cxd4 45. Kxd4 Rh1 46.
Ke5 Rh5 47. Kf4 a6 48. Kg4 Kf6 49. Kg3 Rg5+ 50. Kf4 Rh5 51. Ng4+ Kg7 52. Ke5
Bg6 53. Ke6 Bf7+ 54. Ke7 Rh1 55. Ne5 Re1 56. Rg2+ Kh6 57. Kf6 Bh5 58. Rh2 1-0

[Event "4NCL/Div3/3CS2 vs. SCS1"]
[Site "Telford ENG"]
[Date "2004.11.07"]
[Round "2.7"]
[White "Glover, Richard"]
[Black "Hardy-Wallace, Daniel"]
[Result "0-1"]
[WhiteElo "1940"]
[BlackElo "1740"]
[PlyCount "40"]
[EventDate "2004.11.07"]
[SourceDate "2004.09.21"]

1. e4 c5 2. Nf3 Nc6 3. Bb5 g6 4. Bxc6 dxc6 5. O-O Bg7 6. d3 Qb6 7. Nc3 Nf6 8.
h3 O-O 9. Kh1 Qc7 10. Nh2 e5 11. f4 Nh5 12. Qf3 exf4 13. Bxf4 Nxf4 14. Qxf4 Be5
15. Qh6 Bxh2 16. h4 Be5 17. h5 Bg7 18. Qe3 Qe5 19. hxg6 Qh5+ 20. Kg1 Bd4 0-1

[Event "4NCL/Div3/3CS2 vs. SCS1"]
[Site "Telford ENG"]
[Date "2004.11.07"]
[Round "2.8"]
[White "Atkins, Emma"]
[Black "Smith, Robyn"]
[Result "0-1"]
[WhiteElo "1715"]
[BlackElo "1940"]
[PlyCount "28"]
[EventDate "2004.11.07"]
[SourceDate "2004.09.21"]

1. e4 e5 2. Nc3 Nf6 3. f4 d5 4. fxe5 Nxe4 5. Nf3 Nc6 6. d4 Bb4 7. Bd2 Bg4 8. h3
Bxf3 9. gxf3 Qh4+ 10. Ke2 Nxd4+ 11. Kd3 Nf2+ 12. Ke3 Nxd1+ 13. Rxd1 Nf5+ 14.
Ke2 Ng3+ 0-1

[Event "4NCL/Div3/PPA2 vs. FCA1"]
[Site "Telford ENG"]
[Date "2004.11.07"]
[Round "2.1"]
[White "Gregory, Stephen J"]
[Black "Freeman, Richard C P"]
[Result "1-0"]
[WhiteElo "2167"]
[BlackElo "2121"]
[PlyCount "69"]
[EventDate "2004.11.07"]
[SourceDate "2004.09.21"]

1. e4 c5 2. Nf3 g6 3. d3 Bg7 4. g3 Nc6 5. Bg2 d6 6. O-O e5 7. c3 Nge7 8. a3 a5
9. a4 O-O 10. Na3 Rb8 11. Re1 h6 12. Nb5 f5 13. Nd2 f4 14. Nc4 d5 15. exd5 Nxd5
16. Ncd6 Be6 17. d4 fxg3 18. hxg3 cxd4 19. cxd4 Qf6 20. Ne4 Qf7 21. Nbd6 Qd7
22. dxe5 Bxe5 23. Bxh6 Nc7 24. Bxf8 Rxf8 25. Nc5 Qg7 26. Nxe6 Nxe6 27. Qd5 Qf6
28. f4 Bd4+ 29. Kh2 Ncd8 30. Bh3 Bf2 31. Rxe6 Bxg3+ 32. Kg2 Nxe6 33. Qxe6+ Kh7
34. Qxf6 Rxf6 35. Ne4 1-0

[Event "4NCL/Div3/PPA2 vs. FCA1"]
[Site "Telford ENG"]
[Date "2004.11.07"]
[Round "2.2"]
[White "Smith, Graham"]
[Black "Bailey, Kevin"]
[Result "1/2-1/2"]
[WhiteElo "2115"]
[BlackElo "2105"]
[PlyCount "93"]
[EventDate "2004.11.07"]
[SourceDate "2004.09.21"]

1. e4 e5 2. Nf3 Nc6 3. Bb5 a6 4. Bxc6 dxc6 5. Nc3 f6 6. d4 exd4 7. Qxd4 Qxd4 8.
Nxd4 Bb4 9. Bf4 Bd6 10. Bxd6 cxd6 11. Na4 Ne7 12. Nb6 Rb8 13. O-O-O Kf7 14. Rd3
Be6 15. Rhd1 Rhd8 16. c4 Nc8 17. Nxe6 Kxe6 18. Na4 b5 19. Nc5+ Ke7 20. Nxa6 Rb6
21. cxb5 Rxb5 22. a3 f5 23. exf5 Rxf5 24. Nb4 Kd7 25. R1d2 Re8 26. Nc2 d5 27.
Re3 Rxe3 28. Nxe3 Rh5 29. h3 Nd6 30. f3 Re5 31. Rd3 Nb7 32. b4 Nd6 33. Kd2 Kc7
34. a4 Kb6 35. Rd4 Nf5 36. Nxf5 Rxf5 37. Rh4 h6 38. Rg4 g5 39. Rd4 c5 40. a5+
Kb5 41. bxc5 Kxa5 42. Rd3 Kb4 43. Rc3 d4 44. Rc2 Rxc5 45. Rxc5 Kxc5 46. Kd3 Kd5
47. g3 1/2-1/2

[Event "4NCL/Div3/PPA2 vs. FCA1"]
[Site "Telford ENG"]
[Date "2004.11.07"]
[Round "2.3"]
[White "Goodger, Martyn"]
[Black "Reuben, Stewart"]
[Result "1/2-1/2"]
[WhiteElo "2159"]
[BlackElo "2150"]
[PlyCount "154"]
[EventDate "2004.11.07"]
[SourceDate "2004.09.21"]

1. e4 c5 2. c3 d5 3. exd5 Nf6 4. Nf3 Nxd5 5. d4 cxd4 6. Qxd4 e6 7. c4 Nc6 8.
Qd1 Bb4+ 9. Bd2 Nf4 10. a3 Bxd2+ 11. Qxd2 Qf6 12. Nc3 O-O 13. Ne4 Qf5 14. Ng3
Qf6 15. Ne4 Qf5 16. Qe3 e5 17. g3 Ng6 18. Bd3 Qh5 19. Be2 Bg4 20. O-O-O f5 21.
h3 Bxf3 22. Bxf3 Qh6 23. Qxh6 gxh6 24. Nd6 e4 25. Be2 b6 26. Rd5 Nge7 27. Rd2
Ne5 28. g4 fxg4 29. Nxe4 Rf4 30. Nc3 Nxc4 31. Bxc4+ Rxc4 32. hxg4 Rxg4 33. Rxh6
Rf8 34. Re6 Ng6 35. Ne4 Rg1+ 36. Rd1 Rxd1+ 37. Kxd1 Rd8+ 38. Ke1 Nf4 39. Re7 h5
40. Rxa7 Re8 41. f3 h4 42. Kf1 Re6 43. Kg1 Rg6+ 44. Kh1 h3 45. a4 Rc6 46. Rd7
Kf8 47. Kh2 Ke8 48. Rd6 Rxd6 49. Nxd6+ Kd7 50. Ne4 Kc6 51. Kg3 Nd3 52. b3 Ne1
53. Nd2 Kc5 54. Kxh3 Kb4 55. f4 Nd3 56. f5 Ne5 57. Kg3 Kc3 58. Nc4 Nd7 59. Kf4
Kxb3 60. Ne5 Nc5 61. f6 Ne6+ 62. Kf5 Nf8 63. f7 Kxa4 64. Kf6 b5 65. Ke7 Nh7 66.
Nf3 b4 67. Ng5 b3 68. Nxh7 b2 69. f8=Q b1=Q 70. Qa8+ Kb3 71. Qd5+ Kc3 72. Nf6
Qb4+ 73. Ke8 Qb8+ 74. Kd7 Qa7+ 75. Ke6 Qb6+ 76. Ke5 Qc7+ 77. Ke4 Qc4+ 1/2-1/2

[Event "4NCL/Div3/PPA2 vs. FCA1"]
[Site "Telford ENG"]
[Date "2004.11.07"]
[Round "2.4"]
[White "Utyuzhnikova, Galina"]
[Black "Winfridsson, Ola"]
[Result "1/2-1/2"]
[WhiteElo "2190"]
[BlackElo "2057"]
[PlyCount "64"]
[EventDate "2004.11.07"]
[SourceDate "2004.09.21"]

1. c4 e6 2. Nc3 Bb4 3. Qb3 Nc6 4. a3 Nd4 5. Qd1 Bxc3 6. bxc3 Nc6 7. g3 b6 8.
Bg2 Bb7 9. d3 Qf6 10. Qc2 Nge7 11. e4 O-O 12. Nf3 d5 13. Bg5 Qg6 14. cxd5 exd5
15. exd5 Nxd5 16. O-O h6 17. c4 Nf6 18. Bf4 Rad8 19. Rad1 Nd4 20. Nxd4 Bxg2 21.
Kxg2 Rxd4 22. Be5 Rd7 23. c5 Rfd8 24. Qa4 Rxd3 25. Rxd3 Rxd3 26. Bxc7 Qf5 27.
cxb6 Qf3+ 28. Kg1 axb6 29. Bxb6 Rxa3 30. Qc4 Rc3 31. Qd4 Rd3 32. Qc4 Rc3
1/2-1/2

[Event "4NCL/Div3/PPA2 vs. FCA1"]
[Site "Telford ENG"]
[Date "2004.11.07"]
[Round "2.5"]
[White "Soh, Edmund"]
[Black "Elwin, Adrian G"]
[Result "1/2-1/2"]
[WhiteElo "2071"]
[BlackElo "2077"]
[PlyCount "53"]
[EventDate "2004.11.07"]
[SourceDate "2004.09.21"]

1. e4 c6 2. Ne2 d5 3. e5 c5 4. d4 cxd4 5. Nxd4 Nc6 6. f4 Nxd4 7. Qxd4 e6 8. c4
Ne7 9. Nc3 Nf5 10. Qf2 b6 11. cxd5 Bc5 12. Qf3 Nd4 13. Qd1 exd5 14. Na4 Bf5 15.
Bd3 Bb4+ 16. Nc3 Bxd3 17. Qxd3 Nc6 18. O-O Bc5+ 19. Kh1 Nb4 20. Qb5+ Qd7 21. a3
Nc2 22. Qxd7+ Kxd7 23. Ra2 d4 24. Ne4 Ne3 25. Bxe3 dxe3 26. b4 Be7 27. Re2
1/2-1/2

[Event "4NCL/Div3/PPA2 vs. FCA1"]
[Site "Telford ENG"]
[Date "2004.11.07"]
[Round "2.6"]
[White "Fraser-Mitchell, Jeremy"]
[Black "Retallick, Lloyd"]
[Result "1-0"]
[WhiteElo "2082"]
[BlackElo "2115"]
[PlyCount "63"]
[EventDate "2004.11.07"]
[SourceDate "2004.09.21"]

1. d4 d5 2. c4 e6 3. Nc3 Nf6 4. Bg5 Be7 5. cxd5 exd5 6. e3 O-O 7. Bd3 c6 8. Qc2
Nbd7 9. Nf3 Re8 10. O-O Nf8 11. h3 Nh5 12. Bxe7 Qxe7 13. Rab1 a5 14. a3 g6 15.
b4 Ng7 16. b5 Bf5 17. bxc6 Bxd3 18. Qxd3 bxc6 19. Na4 Nf5 20. Rfc1 Qd6 21. Ne5
Ne7 22. Qc3 f5 23. Nxc6 f4 24. Nb6 Ra6 25. Nxe7+ Qxe7 26. Nxd5 Qh4 27. Nxf4 Rf6
28. Rb7 Ne6 29. Nd3 Ng5 30. Qc7 Ne6 31. Qd7 Rd8 32. Rc8 1-0

[Event "4NCL/Div3/PPA2 vs. FCA1"]
[Site "Telford ENG"]
[Date "2004.11.07"]
[Round "2.7"]
[White "McCorry, Rob"]
[Black "Kendall, Paul S N"]
[Result "1/2-1/2"]
[WhiteElo "2065"]
[BlackElo "2070"]
[PlyCount "49"]
[EventDate "2004.11.07"]
[SourceDate "2004.09.21"]

1. d4 d5 2. c4 e6 3. Nc3 Nf6 4. Bg5 Nbd7 5. e3 c6 6. Nf3 Qa5 7. Bxf6 Nxf6 8.
Nd2 Bb4 9. Qc2 Bxc3 10. Qxc3 Qxc3 11. bxc3 dxc4 12. Nxc4 b6 13. Be2 Bd7 14. Bf3
Ke7 15. Kd2 Rac8 16. a4 c5 17. Ne5 Rhd8 18. Rhb1 Be8 19. Bb7 Rc7 20. Bf3 cxd4
21. cxd4 Nd5 22. a5 f6 23. Nd3 bxa5 24. Rxa5 Nb6 25. Rc5 1/2-1/2

[Event "4NCL/Div3/PPA2 vs. FCA1"]
[Site "Telford ENG"]
[Date "2004.11.07"]
[Round "2.8"]
[White "Majer, Chris E"]
[Black "Thompson, Ian P"]
[Result "1/2-1/2"]
[WhiteElo "2036"]
[BlackElo "2055"]
[PlyCount "102"]
[EventDate "2004.11.07"]
[SourceDate "2004.09.21"]

{Board 8 Match result 1-0 [illegal player]} 1. e4 c5 2. d4 cxd4 3. c3 Nf6 4. e5
Nd5 5. cxd4 d6 6. Bc4 Nb6 7. Bb5+ Nc6 8. Nf3 a6 9. Bxc6+ bxc6 10. O-O g6 11.
Bf4 Nd5 12. Bg3 Bg7 13. Nbd2 O-O 14. h3 Nb6 15. Ne4 Bf5 16. Qe2 Bxe4 17. Qxe4
Qd7 18. Rac1 Rfc8 19. Rfd1 Nd5 20. Nd2 Rab8 21. Nc4 Bf8 22. a3 Rb5 23. b4 Nxb4
24. exd6 exd6 25. axb4 Rxb4 26. Qf4 d5 27. Ne5 Qe6 28. Re1 c5 29. Nd3 Rxd4 30.
Qxd4 cxd4 31. Rxe6 Rxc1+ 32. Nxc1 fxe6 33. Be5 Bg7 34. f4 g5 35. Bxg7 Kxg7 36.
fxg5 Kg6 37. h4 Kh5 38. g3 Kg4 39. Kf2 e5 40. Nd3 Kf5 41. Nb4 a5 42. Nxd5 a4
43. Nb4 a3 44. Ke2 e4 45. Na2 Kg4 46. Nc1 Kf5 47. Kd2 d3 48. Ke3 Kg4 49. Na2
Kf5 50. Nc3 Ke5 51. Na2 Kf5 1/2-1/2

[Event "4NCL/Div3/AD2 vs. PPA1"]
[Site "Telford ENG"]
[Date "2004.11.07"]
[Round "2.1"]
[White "Broom, Mark"]
[Black "Swanson, Stephen"]
[Result "1/2-1/2"]
[WhiteElo "2193"]
[BlackElo "2270"]
[PlyCount "66"]
[EventDate "2004.11.07"]
[SourceDate "2004.09.21"]

1. c4 e5 2. g3 d6 3. Bg2 Be7 4. Nc3 Nf6 5. e3 O-O 6. Nge2 c6 7. O-O Be6 8. b3
Qc8 9. d4 Bh3 10. Ba3 Bxg2 11. Kxg2 Qc7 12. e4 Re8 13. f4 Qa5 14. Bb2 Nbd7 15.
Qd3 exd4 16. Nxd4 Bf8 17. Rae1 Rad8 18. Re2 g6 19. Nc2 a6 20. Rd1 b5 21. cxb5
axb5 22. Nd4 Qb6 23. Qf3 Bg7 24. Red2 Rc8 25. b4 c5 26. Ndxb5 cxb4 27. Nxd6
bxc3 28. Nxc8 Rxc8 29. Bxc3 Rxc3 30. Qxc3 Nxe4 31. Qc8+ Nf8 32. Rc2 Qa5 33. Qc7
Qa4 1/2-1/2

[Event "4NCL/Div3/AD2 vs. PPA1"]
[Site "Telford ENG"]
[Date "2004.11.07"]
[Round "2.2"]
[White "Hagesaether, Halvard"]
[Black "Graham, David B"]
[Result "1-0"]
[WhiteElo "2258"]
[BlackElo "2238"]
[PlyCount "53"]
[EventDate "2004.11.07"]
[SourceDate "2004.09.21"]

1. e4 d6 2. d4 Nf6 3. Nc3 g6 4. Bg5 Bg7 5. Qd2 c6 6. f4 b5 7. Bd3 Nbd7 8. e5 b4
9. Nce2 dxe5 10. fxe5 Nd5 11. Bh6 Bxh6 12. Qxh6 N7b6 13. Nf3 Be6 14. O-O Kd7
15. c4 bxc3 16. bxc3 Qf8 17. Qd2 Qg7 18. c4 Nc7 19. Rac1 Rhc8 20. Be4 Bxc4 21.
Rxc4 Nxc4 22. Qc3 Nd5 23. Qxc4 Ne3 24. e6+ Kd8 25. Qa4 Nxf1 26. Bxc6 Rab8 27.
Qxa7 1-0

[Event "4NCL/Div3/AD2 vs. PPA1"]
[Site "Telford ENG"]
[Date "2004.11.07"]
[Round "2.3"]
[White "Edwards, Ray"]
[Black "Morgan, Ben"]
[Result "0-1"]
[WhiteElo "2119"]
[BlackElo "2239"]
[PlyCount "42"]
[EventDate "2004.11.07"]
[SourceDate "2004.09.21"]

1. d4 e6 2. c4 Nf6 3. Nc3 d5 4. Bg5 Be7 5. e3 O-O 6. cxd5 Nxd5 7. Bxe7 Qxe7 8.
Nf3 b6 9. Rc1 Bb7 10. Bd3 Rc8 11. O-O c5 12. Ne4 Nd7 13. dxc5 Nxc5 14. Nxc5
Rxc5 15. Rxc5 Qxc5 16. Qb1 Nf6 17. Rc1 Qh5 18. Qc2 Bxf3 19. Qc8+ Ne8 20. gxf3
Rxc8 21. Rxc8 f6 0-1

[Event "4NCL/Div3/AD2 vs. PPA1"]
[Site "Telford ENG"]
[Date "2004.11.07"]
[Round "2.4"]
[White "Harley, Andrew"]
[Black "Wallace, Paul"]
[Result "1/2-1/2"]
[WhiteElo "2237"]
[BlackElo "2170"]
[PlyCount "33"]
[EventDate "2004.11.07"]
[SourceDate "2004.09.21"]

1. e4 e5 2. Nf3 Nc6 3. Bb5 f5 4. d3 fxe4 5. dxe4 Nf6 6. O-O Bc5 7. Qd3 d6 8.
Qc4 Qe7 9. Nc3 Bd7 10. Na4 a6 11. Bxc6 Bxc6 12. Nc3 b5 13. Qb3 Nxe4 14. Nxe4
Bxe4 15. a4 b4 16. Re1 Bb7 17. Be3 1/2-1/2

[Event "4NCL/Div3/AD2 vs. PPA1"]
[Site "Telford ENG"]
[Date "2004.11.07"]
[Round "2.5"]
[White "Westwood, Richard D"]
[Black "Rosen, Daniel B"]
[Result "0-1"]
[WhiteElo "2093"]
[BlackElo "2165"]
[PlyCount "80"]
[EventDate "2004.11.07"]
[SourceDate "2004.09.21"]

1. e4 g6 2. d4 Bg7 3. Nf3 d6 4. Bc4 Nf6 5. Qe2 O-O 6. O-O Bg4 7. Nbd2 Nc6 8. c3
e5 9. d5 Ne7 10. h3 Bd7 11. Re1 Bh6 12. Nf1 Bxc1 13. Raxc1 Nh5 14. Ng3 Nf4 15.
Qd2 f5 16. Ng5 Kg7 17. exf5 Nxf5 18. Nxf5+ Bxf5 19. Nf3 Bd7 20. Re3 Qf6 21. Bf1
h6 22. c4 c5 23. b4 cxb4 24. Qxb4 b6 25. Kh2 Rac8 26. Rcc3 Rf7 27. g3 e4 28.
Nd2 Nxd5 29. cxd5 Qxf2+ 30. Bg2 Qxd2 31. Qxd6 Rxc3 32. Qe5+ Kh7 33. Rxc3 Qxa2
34. Qd6 Qf2 35. Rc7 Bb5 36. Re7 e3 37. Qd8 e2 38. Qc7 Be8 39. Qe5 Rxe7 40.
Qxe7+ Bf7 0-1

[Event "4NCL/Div3/AD2 vs. PPA1"]
[Site "Telford ENG"]
[Date "2004.11.07"]
[Round "2.6"]
[White "Byway, Paul"]
[Black "Mangwengwende, John"]
[Result "1-0"]
[WhiteElo "2201"]
[BlackElo "2116"]
[PlyCount "129"]
[EventDate "2004.11.07"]
[SourceDate "2004.09.21"]

1. Nf3 Nf6 2. d4 g6 3. Bf4 Bg7 4. e3 O-O 5. h3 d6 6. c4 Nbd7 7. Nc3 Re8 8. Be2
c6 9. O-O Qb6 10. Qc2 e5 11. Bh2 e4 12. Nd2 d5 13. cxd5 cxd5 14. Nb5 Re6 15.
Nc7 Rc6 16. Nxa8 Rxc2 17. Nxb6 Nxb6 18. Rfd1 Bf8 19. Bf1 Rxb2 20. Nb3 Bd7 21.
Rd2 Rxd2 22. Nxd2 Bc6 23. Rb1 Na4 24. Rb3 a6 25. Bc7 Nd7 26. Ba5 Bd6 27. Bb4
Bc7 28. Nb1 a5 29. Ba3 Ndb6 30. Bb5 Kg7 31. Bc1 Bd6 32. Bd2 Nc4 33. Bxa4 Bxa4
34. Rxb7 Bc2 35. Be1 Bb4 36. Bxb4 Bxb1 37. Bf8+ Kxf8 38. Rxb1 Ke7 39. Rb7+ Ke6
40. Ra7 h5 41. h4 f6 42. Kf1 Kf5 43. Ke2 g5 44. Rd7 Ke6 45. Rh7 gxh4 46. Rxh5
Na3 47. Rxh4 Nb1 48. Rh1 Nc3+ 49. Kd2 Nxa2 50. Ra1 Nb4 51. Rxa5 Nd3 52. Ke2
Nc1+ 53. Kf1 Nb3 54. Rb5 Nd2+ 55. Ke2 Nc4 56. Rc5 Nb2 57. Rc8 Kd7 58. Rb8 Nc4
59. Rb4 Nd6 60. f3 f5 61. Kf2 Nc4 62. Rxc4 dxc4 63. fxe4 c3 64. Ke2 fxe4 65.
Kd1 1-0

[Event "4NCL/Div3/AD2 vs. PPA1"]
[Site "Telford ENG"]
[Date "2004.11.07"]
[Round "2.7"]
[White "Graham, Nick"]
[Black "Campo Millan, Diego"]
[Result "1-0"]
[WhiteElo "2000"]
[BlackElo "2120"]
[PlyCount "55"]
[EventDate "2004.11.07"]
[SourceDate "2004.09.21"]

1. d4 Nf6 2. Nf3 g6 3. Nc3 d5 4. Bf4 Bg7 5. e3 O-O 6. Ne5 c5 7. Be2 b6 8. h4
Bb7 9. h5 Nc6 10. hxg6 hxg6 11. Qd2 Nxe5 12. Bxe5 Ne4 13. Nxe4 Bxe5 14. Nxc5
bxc5 15. dxe5 Qc7 16. f4 Rfd8 17. O-O-O Rab8 18. Qc3 e6 19. e4 Kg7 20. f5 Rg8
21. f6+ Kf8 22. exd5 Bxd5 23. Bf3 Rd8 24. Qe3 Ke8 25. Bxd5 exd5 26. e6 fxe6 27.
Qxe6+ Kf8 28. f7 1-0

[Event "4NCL/Div3/AD2 vs. PPA1"]
[Site "Telford ENG"]
[Date "2004.11.07"]
[Round "2.8"]
[White "Djabri, Kathy"]
[Black "Graham, Louis"]
[Result "1-0"]
[WhiteElo "1998"]
[BlackElo "1920"]
[PlyCount "33"]
[EventDate "2004.11.07"]
[SourceDate "2004.09.21"]

1. e4 e5 2. Nc3 Nf6 3. Bc4 Nc6 4. d3 d6 5. f4 Bg4 6. Nge2 exf4 7. Bxf4 Be7 8.
O-O O-O 9. Qd2 Ne5 10. Bb3 c5 11. Rae1 Qb6 12. Kh1 Qc7 13. Ng3 Nc6 14. Bg5 Be6
15. Bxf6 Bxf6 16. Rxf6 gxf6 17. Qh6 1-0